000 00764nam a2200181Ia 4500
008 151018s9999 xx 000 0 und d
082 _bRBASDV47562
_a891.434
100 _aगोपाल कृष्ण शेवडे
245 _aमहात्मा गांधी जीवन प्रसंग कोश
250 _b1
260 _bन्युयार्क बुक कंपनी
_c2008
300 _a264
600 _aगोपाल कृष्ण शेवडे
630 _aमहात्मा गांधी जीवन प्रसंग कोश
700 _aगोपाल कृष्ण शेवडे
730 _aमहात्मा गांधी जीवन प्रसंग कोश
942 _cBOOK
999 _c1046694
_d1046691